00497nam a2200145Ia 4500003000900000008004100009020002600050040001600076100002500092245004600117260003200163300002000195490003300215856010300248IN-BaIIA211028s9999 xx s 000 0 eng d a9780819418418 (Print) cIIA Library aHuck, Friedrich, ed. 0aVisual Information Processing IVh[eBook] aWashington, USAbSPIEc1995 aOnline resource aProceedings of SPIE; V. 2488 uhttps://www.spiedigitallibrary.org/conference-proceedings-of-spie/2488yClick Here to Access eBook